00718nam a2200193 i 4500001000300000245009700003260006400100300004200164650003500206650004500241650002100286700002400307020001600331040000800347041000700355080002300362008004100385856009800426bg70aProjekty inwestycyjne :bfinansowanie, metody i procedury oceny /cLucjan Czechowski [etc.]. aGdańsk :bOśrodek Doradztwa i Doskonalenia Kadr,c1999. a283 s., 1 k. tabl. złoż. ;c21 cm. 9aInwestycjexplanowaniexmetody 9aPrzedsiębiorstwoxinwestycjexprojekty 9aDecyzjexfinanse1 aCZECHOWSKI, Lucjan. a83865514159 cBPK0 apl a658.14/.17:330.322 s pl f |000 0 pol  uhttp://koha.tu.koszalin.pl/cgi-bin/koha/opac-detail.pl?biblionumber=35832yKatalog online BPK